Dolce Vita - A cukrászat Édes Élet cukor nélkül (Allergén mentes termékek választása)

Bibliográfiai részletek
Szerző: Teleki Blanka
További közreműködők: Hidvégi Hedvig
Dokumentumtípus: Diplomadolgozat
Kulcsszavak:Cukrászat
Édességkészítés
Különleges cukrászda
Ételintolerancia
Ételallergia
Online Access:http://dolgozattar.uni-bge.hu/1794

MARC

LEADER 00000nta a2200000 i 4500
001 dolg1794
005 20151015163638.0
008 150401suuuu hu om 000 hun d
040 |a BGE Dolgozattár Repozitórium  |b hun 
041 |a hu 
100 1 |a Teleki Blanka 
245 1 0 |a Dolce Vita - A cukrászat Édes Élet cukor nélkül (Allergén mentes termékek választása)  |c Teleki Blanka  |h [elektronikus dokumentum] 
246 1 1 |a Dolce Vita - A cukrászat Édes Élet cukor nélkül (Allergén mentes termékek választása) 
695 |a Cukrászat 
695 |a Édességkészítés 
695 |a Különleges cukrászda 
695 |a Ételintolerancia 
695 |a Ételallergia 
700 1 |a Hidvégi Hedvig  |e ths 
856 4 0 |u http://dolgozattar.uni-bge.hu/1794/1/MQBBL8_TELEKI_BLANKA_SZAKDOLGOZAT.pdf  |z Dokumentum-elérés